002970000a220007300045001000028000002450119000283000043001477730033001901 aHahn, Eberhard (1953- )10aRapprochement between the Roman catholic and protestan churches in the doctrine of justification : Danger or hope? aVol. 7, Núm 1 (1998), Páginas 9-140 tEuropean Journal of Theology